Introducción a la topología general /

Guardado en:
Autor Principal: Horvath, Juan
Formato: Libro
Publicado: Estados Unidos de América : O.e. A., 1969
Materias:
Etiquetas: Agregar Etiqueta
Sin Etiquetas, Sea el primero en etiquetar este registro!
LEADER 00861nam a22002175a 4500
001 CEM.cems003305
005 19000101000000.0
008 130507s1969##################000#0#####d
003 CEMS
082 0 4 |a 513.83 
100 1 |a Horvath, Juan 
245 1 0 |a Introducción a la topología general /  |c  Juan Horvath 
260 |a Estados Unidos de América :  |b O.e. A.,  |c 1969 
300 |a 147 p. 
505 0 |a Material intuitivo; Complejo simplicial; Grupos de homologia; Propiedades en un punto; Topologia de las superficies; Grupo fundamental; Complejos recubridores; Variedades tridimensionales; Aplicaciones continuas; Teoremas fundamentales de la teoria de grupos 
653 |a Geometria 
653 |a Geometria 
653 |a Geometria analitica 
653 |a Geometria analitica 
653 |a Matematica 
859 |a CEMS  |b BIB. CEMS - 11 de abril  |h 513.83  |i H789  |p 9928.81  |t Ej.1